Capiteles para la historia bañezana / (Record no. 173727)

MARC details
000 -LEADER
campo de control de longitud fija 01050nam a2200325 i 4500
001 - NÚMERO DE CONTROL
campo de control 173727
003 - IDENTIFICADOR DE NÚMERO DE CONTROL
campo de control ES-MaACL
005 - FECHA Y HORA DE LA ÚLTIMA TRANSACCIÓN
campo de control 20230906215327.0
008 - DATOS DE LONGITUD FIJA--INFORMACIÓN GENERAL
campo de control de longitud fija 100113m20072012sp aco |||| |dspa d
020 ## - NÚMERO INTERNACIONAL ESTÁNDAR DEL LIBRO
Número Internacional Estándar del Libro 978-84-612-2849-2 (v. 2)
020 ## - NÚMERO INTERNACIONAL ESTÁNDAR DEL LIBRO
Número Internacional Estándar del Libro 978-84-612-2858-4 (v. 9)
080 ## - NÚMERO DE LA CLASIFICACIÓN DECIMAL UNIVERSAL
Número de la Clasificación Decimal Universal 94(460.181Bañeza)(089.3)
100 1# - ENTRADA PRINCIPAL--NOMBRE DE PERSONA
Nombre de persona Blanco González, Conrado.
9 (RLIN) 29262
245 10 - MENCIÓN DEL TÍTULO
Título Capiteles para la historia bañezana /
Mención de responsabilidad, etc. Conrado Blanco González.
260 ## - PUBLICACIÓN, DISTRIBUCIÓN, ETC.
Lugar de publicación, distribución, etc. La Bañeza (León) :
Nombre del editor, distribuidor, etc. Monte Riego,
Fecha de publicación, distribución, etc. [2007]-2012.
300 ## - DESCRIPCIÓN FÍSICA
Extensión v. :
Otras características físicas il., fot. ;
Dimensiones 20 cm.
490 1# - MENCIÓN DE SERIE
Mención de serie Capiteles ;
Designación de volumen o secuencia 2, 3, 4, 5, 9, 10
500 ## - NOTA GENERAL
Nota general Índices.
505 8# - NOTA DE CONTENIDO CON FORMATO
Nota de contenido con formato Contiene: v. 2-5, 9-10
595 ## -
-- v. 2, 4ª ed., 2010.
595 ## -
-- v. 3, 2ª ed., 2010.
595 ## -
-- v. 4, 3ª ed., 2010.
595 ## -
-- v. 5, 2ª ed., 2011.
595 ## -
-- v. 9, 1ª ed., 2009.
595 ## -
-- v.10. 1ª ed. 2012.
651 #4 - PUNTO DE ACCESO ADICIONAL DE MATERIA--NOMBRE GEOGRÁFICO
Nombre geográfico La Bañeza-
Subdivisión de forma Misceláneas.
9 (RLIN) 8895
830 0# - PUNTO DE ACCESO ADICIONAL DE SERIE-TÍTULO UNIFORME
Título uniforme Capiteles ;
Designación de volumen o secuencia 2, 3, 4, 5, 9, 10
9 (RLIN) 228613
852 ## - LOCALIZACIÓN
Ubicación ES-MaACL
Número de control de estantería P-2000
Holdings
Estatus retirado Estado de pérdida Estado de daño No para préstamo Biblioteca de origen Biblioteca actual Ubicación en estantería Fecha de adquisición Fuente de adquisición Total de préstamos Signatura topográfica completa Código de barras Visto por última vez Precio de reemplazo Tipo de ítem Koha
        Biblioteca del Ateneo de Madrid Biblioteca del Ateneo de Madrid Depósito 2 16/05/2012     P-2000 1189336 23/02/2023 23/02/2023 Libro impreso